Wszystkie kości człowieka - Statystyki

Ogólne statystyki
  • Ten quiz został rozwiązany 195 razy
  • Średni wynik to 25 z 60
Statystyki odpowiedzi
Hint Odpowiedź % Poprawnych
Kończyna dolna (2) kość udowa
89%
Klatka piersiowa (12 par) żebra
86%
Kończyna dolna (2) kość piszczelowa
76%
Mózgoczaszka kość potyliczna
76%
Klatka piersiowa mostek
76%
Kończyna dolna (2) kość strzałkowa
74%
Obręcz kończyny górnej (2) obojczyk
74%
Twarzoczaszka żuchwa
74%
Mózgoczaszka (2) kość skroniowa
72%
Kręgosłup (7) odcinek szyjny
71%
Kończyna górna (2) kość ramienna
67%
Kręgosłup (5) odcinek lędźwiowy
67%
Mózgoczaszka kość czołowa
65%
Kosteczki słuchowe (2) młoteczek
64%
Twarzoczaszka (2) kość nosowa
63%
Twarzoczaszka (2) kość szczękowa
62%
Kręgosłup (12) odcinek piersiowy
60%
Kończyna górna (2) kość łokciowa
59%
Kosteczki słuchowe (2) kowadełko
59%
Kończyna górna (2) kość promieniowa
57%
Mózgoczaszka (2) kość ciemieniowa
56%
Stopa (10) kości śródstopia
55%
Kończyna dolna (2) rzepka
55%
Obręcz kończyny górnej (2) łopatka
52%
Kosteczki słuchowe (2) strzemiączko
52%
Miednica (2) kość biodrowa
50%
Twarzoczaszka (2) kość jarzmowa
50%
Kręgosłup kość krzyżowa
47%
Dłoń (10) kości śródręcza
43%
Mózgoczaszka kość klinowa
34%
Miednica (2) kość łonowa
32%
Twarzoczaszka (2) kość łzowa
29%
Kości stępu (2) kość piętowa
28%
Mózgoczaszka kość sitowa
27%
Miednica (2) kość kulszowa
26%
Kręgosłup kość guziczna
25%
Nadgarstek (2) kość grochowata
24%
Twarzoczaszka kość gnykowa
23%
Nadgarstek (2) kość księżycowata
23%
Nadgarstek (2) kość łódeczkowata
23%
Kości stępu (2) kość skokowa
23%
Nadgarstek (2) kość trójgraniasta
23%
Dłoń (10) paliczki bliższe
23%
Stopa (10) paliczki bliższe
23%
Dłoń (10) paliczki dalsze
23%
Stopa (10) paliczki dalsze
23%
Dłoń (8) paliczki środkowe
22%
Stopa (8) paliczki środkowe
22%
Nadgarstek (2) kość główkowata
21%
Nadgarstek (2) kość haczykowata
21%
Kości stępu (2) kość łódkowata
19%
Twarzoczaszka lemiesz
17%
Twarzoczaszka (2) kość podniebienna
16%
Nadgarstek (2) kość czworoboczna mniejsza
14%
Nadgarstek (2) kość czworoboczna większa
14%
Kości stępu (2) kość sześcienna
13%
Kości stępu (2) kość klinowata boczna
11%
Kości stępu (2) kość klinowata pośrednia
11%
Kości stępu (2) kość klinowata przyśrodkowa
11%
Twarzoczaszka (2) małżowina nosowa dolna
9%
Nie znaleziono quizów pasujących do podanych kryteriów
Rozkład punktacji
Procent ludzi z każdym wynikiem
Percentyl według liczby udzielonych odpowiedzi
Twoja historia wyników
Nie rozwiązałeś tego quizu